Bài tập cơ nhiệt đại cương

VL Cơ học

Spremljeno u:
Bibliografski detalji
Glavni autor: Nguyễn, Thành Vấn
Daljnji autori: Dương, Hiếu Đẩu
Format: Knjiga
Jezik:Undetermined
Izdano: TP.HCM Đại học Quốc gia TP.HCM 2008
Teme:
Online pristup:http://lrc.tdmu.edu.vn/opac/search/detail.asp?aID=2&ID=4100
Oznake: Dodaj oznaku
Bez oznaka, Budi prvi tko označuje ovaj zapis!
Thư viện lưu trữ: Trung tâm Học liệu Trường Đại học Thủ Dầu Một
LEADER 00725nam a2200217Ia 4500
001 TDMU_4100
008 210410s9999 xx 000 0 und d
082 |a 531 
090 |b N4994 
100 |a Nguyễn, Thành Vấn 
245 0 |a Bài tập cơ nhiệt đại cương 
245 0 |c Nguyễn Thành Vấn, Dương Hiếu Đẩu 
260 |a TP.HCM 
260 |b Đại học Quốc gia TP.HCM 
260 |c 2008 
300 |a 214tr. 
520 |a VL Cơ học 
650 |a Cơ nhiệt  |v Bài tập 
700 |a Dương, Hiếu Đẩu 
856 |u http://lrc.tdmu.edu.vn/opac/search/detail.asp?aID=2&ID=4100 
980 |a Trung tâm Học liệu Trường Đại học Thủ Dầu Một